000 00374 a2200145 4500
999 _c4675
_d4675
020 _a086922185X
050 _aPL8547 NGW 1982
100 _aNgwenya, M.N.
_eauthor
245 _aIlifa lidliwa ngumninilo /
_cM.N. Ngwenya
264 _aGweru
_bMambo Press
_c1982
300 _a54p. :
500 _aNdebele fiction
650 _aNdebele fiction
942 _2lcc
_cBK
_h8547
_iNGW
_kPL